000
00349nam a22001457a 4500
008
230227b |||||||| |||| 00| 0 eng d
020
_a
978-1800-75157-6
082
_a
813.54
100
_a
Thrity Umrigar
245
_a
Honor
260
_b
Swift,
_c
2022
300
_a
326 p.
_c
23.5 cm
942
_2
ddc
999
_c
9351
_d
9352